元素周期表 - Statistics

General Stats
  • This quiz has been taken 1 758 times
  • The average score is 53 of 118
Answer Stats
# 符号 元素 % Correct
1 H
98%
2 He
96%
3 Li
93%
8 O
92%
6 C
91%
7 N
90%
4 Be
89%
5 B
89%
10 Ne
88%
11 Na
88%
12 Mg
88%
13 Al
88%
9 F
87%
19 K
87%
20 Ca
87%
14 Si
86%
16 S
85%
17 Cl
85%
26 Fe
85%
15 P
84%
18 Ar
84%
29 Cu
82%
79 Au
75%
30 Zn
74%
47 Ag
73%
25 Mn
69%
36 Kr
68%
22 Ti
67%
24 Cr
66%
27 Co
66%
28 Ni
66%
35 Br
65%
23 V
63%
21 Sc
62%
50 Sn
62%
31 Ga
61%
37 Rb
61%
54 Xe
60%
33 As
59%
55 Cs
58%
32 Ge
57%
34 Se
57%
53 I
57%
38 Sr
56%
86 Rn
56%
82 Pb
55%
80 Hg
54%
88 Ra
54%
56 Ba
53%
78 Pt
52%
87 Fr
49%
51 Sb
48%
57 La
46%
92 U
46%
89 Ac
45%
39 Y
42%
46 Pd
40%
49 In
40%
85 At
40%
40 Zr
39%
81 Tl
39%
84 Po
39%
42 Mo
38%
44 Ru
38%
83 Bi
38%
45 Rh
37%
41 Nb
36%
52 Te
36%
48 Cd
34%
74 W
32%
77 Ir
32%
60 Nd
28%
90 Th
28%
94 Pu
27%
101 Md
27%
76 Os
26%
118 Og
26%
58 Ce
25%
73 Ta
25%
64 Gd
23%
62 Sm
22%
75 Re
22%
59 Pr
21%
66 Dy
21%
43 Tc
20%
72 Hf
20%
61 Pm
19%
67 Ho
19%
71 Lu
19%
99 Es
19%
63 Eu
18%
68 Er
18%
69 Tm
18%
65 Tb
17%
70 Yb
17%
117 Ts
17%
98 Cf
16%
91 Pa
14%
93 Np
14%
95 Am
14%
103 Lr
14%
112 Cn
14%
96 Cm
13%
100 Fm
13%
102 No
13%
108 Hs 𬭶
13%
115 Mc
13%
97 Bk
12%
105 Db 𬭊
12%
106 Sg 𬭳
12%
107 Bh 𬭛
11%
109 Mt
11%
104 Rf 𬬻
10%
110 Ds 𫟼
10%
111 Rg 𬬭
10%
113 Nh
10%
114 Fl 𫓧
10%
116 Lv 𫟷
10%
No matching quizzes found
Score Distribution
Percent of People with Each Score
Percentile by Number Answered
Your Score History
You have not taken this quiz